| 000 | 00923nam a22002175i 4500 | ||
|---|---|---|---|
| 001 | 169756 | ||
| 003 | ES-MaACL | ||
| 005 | 20250902085403.0 | ||
| 008 | 081125s2004 sp |||| | spa d | ||
| 080 | _a636.09:614.25 (460.154 Bergara) | ||
| 100 | 1 |
_aEtxaniz Makazaga, José-Manuel. _9137731 |
|
| 245 | 1 | 0 |
_aAlbéitares y veterinarios municipales de Bergara 1662-1985 / _cJosé Manuel Etxaniz Makazaga. |
| 260 |
_a[San Sebastián] : _bIlustre Colegio Oficial de Veterinarios de Gipuzkoa, _c[2004] |
||
| 300 |
_aP. [441]-472 : _bil. ; _c22 cm. |
||
| 595 | _aSeparata de: Boletín de la Real Sociedad Bascongada de los Amigos del País, LXI, 2004-2. | ||
| 650 | 1 | 4 |
_aVeterinarios- _xBergara. _9138943 |
| 710 | 2 |
_aReal Sociedad Bascongada de los Amigos del País _96366 |
|
| 710 | 2 |
_aColegio Oficial de Veterinarios de Gipuzkoa. _9138774 |
|
| 852 |
_aES-MaACL _j2238-F-15 _9R.143248 |
||
| 999 |
_c169756 _d169756 |
||